Bang Your Head. The rise and fall of heavy metal.

Uloženo v:
Podrobná bibliografie
Hlavní autor: Konow, David (Autor)
Médium: Kniha
Jazyk:angličtina
Vydáno: New York, USA: Three Rivers Press, 2002.
Vydání:1st. ed.
Témata:
Tagy: Přidat tag
Žádné tagy, Buďte první, kdo vytvoří štítek k tomuto záznamu!

MARC

LEADER 00000nam a22000007a 4500
003 CL-VaPUC
005 20240115115918.0
008 231220t2002 ||||| |||| 00| 0 eng d
999 |c 442787  |d 442785 
020 |a 978-0-609-80732-3 
040 |c Pontificia Universidad Católica de Valparaíso 
082 |2 22  |a 781.66 KON 2002 
100 |9 886735  |a Konow, David   |e author 
245 |a Bang Your Head.  |b The rise and fall of heavy metal. 
250 |a 1st. ed. 
260 |a New York, USA:  |b Three Rivers Press,   |c 2002. 
300 |a xiii, 480 páginas. 
500 |a c.1 Compra Prof. María Ximena Urbina Carrasco / MEMO HIS/008 12/12/2023.  
583 |c 20231220  |k Yessy Sthefany Diaz Vidal 
650 0 |9 306741  |a Historia de la música  |x Heavy metal (metal pesado)  |y Siglo 20  
650 0 |9 471724  |a Historia del rock  |x Bandas sonoras   |y Siglo 20 
942 |2 ddc  |c BK 
952 |0 0  |1 0  |2 ddc  |4 0  |6 781_660000000000000_KON_2002  |7 0  |8 A  |9 592969  |a BIBHIS  |b BIBHIS  |c GEN  |d 2023-12-20  |e Compra   |i 5659324  |l 2  |o 781.66 KON 2002  |p 5659324  |r 2025-01-20  |s 2024-11-21  |t 1  |w 2023-12-20  |y BK  |k HIS